00693nam a2200169 a 450000100100000000500170001000800410002704000250006824501290009326000490022230000210027150000420029270000290033470000380036395201050040199900170050600003318420200930070101.0090918s1991 ag 000 0 spa d aDO-SdBNPbspacBNPHU10aInversión extranjera en América Latina :baspectos legales /cCoordinador Pablo Berckholtz ; editor José Luis Depalma. aBuenos Aires, Argentina :bHammurabi,c1991. a449 p. ;c24 cm. aIncluye notas al pie de las páginas1 aBerckholtz, Pablo9588221 aDepalma, José Luis,eed.958823 001050718MOaPDbPDcCTd2011-08-18iLF1l0o p33184-10r2020-06-25w2020-06-25y1ZNo se presta c32675d32675